000 00586nab a2200193 a 4500
005 20210219160807.0
008 991125s1985 mx 000 0 spa u
035 _aUPN01000172784
100 1 _aMoreno Olivos, Tiburcio
222 _aEDUCARE
245 _aCambian los tiempos, cambian los escenarios : la evaluación en modelos flexibles de educación virtual y a distancia
260 _aMéxico
300 _a14-22
362 0 _a2008 Año 3, no. 4, may.
653 0 _aEDUCACION VIRTUAL
653 0 _aEVALUACION EDUCATIVA
653 0 _aNUEVAS TECNOLOGIAS
905 _aArticulo
999 _c144888
_d144888